• 首页
  • 本馆介绍
  • 公告通知
  • 最新文献
  • 馆藏检索
  • 电子资源
  • 读者导购
  • 参考咨询
  • 我的图书馆
  • 登录
  • 详细信息显示
  • 放入我的书架
  • 预约/预借图书
  • 作者相关作品
  • 分类相关作品
  • 丛书相关作品
  • 出版社相关作品

书目信息

  • 表格格式
  • 工作单格式
  • 卡片格式
题名:
一体同观
    
 
作者: 伍时雄, 著
分册:  
出版信息: 石家庄   河北美术出版社  2002
页数: 57页
开本: 23cm
丛书名: 设计时代
单 册:
中图分类: J314.8
科图分类:
主题词: 陶瓷--tao ci--雕塑--创作--中国--现代 , 陶瓷--tao ci--雕塑--艺术家--访谈录--中国--现代
电子资源:
ISBN: 7-5310-1908-6
000 01068nam 2200277 450
001 CAL 012003163562
005 20070718170545.37
010    @a7-5310-1908-6@dCNY19.80
100    @a20020917d2002 em y0chiy0121 ea
101 0  @achi
102    @aCN@b130000
105    @aa z 000yd
200 1  @a一体同观@Ayi ti tong guan@f伍时雄著
210    @a石家庄@c河北美术出版社@d2002
215    @a57页@c彩图@d23cm
225 2  @a设计时代@Ashe ji shi dai@e国内著名艺术设计工作室创意报告@i陶瓷艺术设计类
314    @a伍时雄(1950~)生于广东,深圳市艺术研究会会长、中国工艺美术学会雕塑委员会副秘书长。著有《一体同观》等。
330    @a本书是作者对自己的作品《状态系列》、《状态(釉)系列》、《曲把壶》、《多嘴壶》、《百刺》、《未了系列》、《圆形风景系列》等的评论。
410  0 @12001 @a设计时代
410  0 @12001 @a陶瓷艺术设计类
606 0  @a陶瓷@Atao ci@x雕塑@x创作@y中国@z现代
606 0  @a陶瓷@Atao ci@x雕塑@x艺术家@x访谈录@y中国@z现代
690    @aJ314.8@v4
701  0 @a伍时雄,@Aawu shi xiong@f1950-@4著
801  0 @aCN@bPFT@c20070718
905    @a10447@dJ314.8@e24
    
    一体同观/伍时雄著.-石家庄:河北美术出版社,2002
    57页:彩图;23cm.-(设计时代:国内著名艺术设计工作室创意报告.陶瓷艺术设计类)
    
    
    ISBN 7-5310-1908-6:CNY19.80
    本书是作者对自己的作品《状态系列》、《状态(釉)系列》、《曲把壶》、《多嘴壶》、《百刺》、《未了系列》、《圆形风景系列》等的评论。
●
相关链接 在E读中查询图书 在五车中查询图书 在当当中查询图书 在豆瓣中查询图书


正题名:一体同观     索取号:J314.8/24         预约/预借

序号 登录号 条形码 馆藏地/架位号 状态 备注
1 0780616   207806169   第一样本阅览室/ [索取号:J314.8/24] 在馆    
2 0780617   207806178   第一借阅区/ [索取号:J314.8/24] 在馆    
3 0780618   207806187   第一借阅区/ [索取号:J314.8/24] 在馆    
4 0780619   207806196   第一借阅区/ [索取号:J314.8/24] 在馆    
5 0780620   207806203   第一借阅区/ [索取号:J314.8/24] 在馆    
6 0780621   207806212   第一借阅区/ [索取号:J314.8/24] 在馆    
唐山师范学院图书馆 欢迎您!
大连网信软件有限公司© 版权所有